| 000 | 00785nam a2200241 i 4500 | ||
|---|---|---|---|
| 001 | 67616 | ||
| 003 | ES-MaACL | ||
| 005 | 20250826054436.0 | ||
| 007 | t| | ||
| 008 | 040608s2003 sp ||||1| spa d | ||
| 020 | _a84-932932-2-9 | ||
| 080 | _a641.5(37)(091) | ||
| 080 | _a641.55(083.12) | ||
| 100 | 1 |
_aVillegas Becerril, Almudena. _9115215 |
|
| 245 | 1 | 0 |
_aAceite de oliva y cocina antigua _b: la cocina de Apicio en Roma / _cAlmudena Villegas Becerril ; [prólogo de Feliciano Delgado]. |
| 260 |
_aCórdoba : _bEdisur, _c2003. |
||
| 300 |
_a68 p. : _bil. col. ; _c22 cm. |
||
| 650 | 1 | 4 |
_aGastronomía- _zRoma _913043 |
| 650 | 4 |
_aAceite de oliva- _xRecetas de cocina. _99581 |
|
| 700 | 1 |
_aDelgado León, Feliciano. _943403 |
|
| 852 | 4 |
_a BA _jL-27849 |
|
| 999 |
_c67616 _d67616 |
||